000 00776nam a22002777a 4500
003 CHAP
005 20220329132953.0
008 971013s1986 r 00010 d
010 _a799
011 _a1771
035 _a948
040 _cCHAP
082 _a634.09931
_bJ3
100 0 0 _aJackson, David.
_960806
245 _aTemperate and subtropical fruit production
260 _aWellington :
_bButterworths,
_c1986
300 _a294 p.
_b: ilus.
500 _a39-23
590 _aBATCH-UPD
_b10
_c20130110
_lUCH01
_h1054
590 _aCONVERSION
_b10
_c20130109
_lUCH01
_h1302
650 1 4 _aFruta.
_943590
650 1 4 _aFruticultura.
_943684
901 _aBK
942 _cLIBRO
949 _a634.09931 J3
_bBC
_cLIBRO
_d33724000902052
_eLIBRO
_gI. 151407
_h78003
_i948
_si
_t262.90
999 _c799
_d799